Sasanian archaeology : settlements, environment and material culture /
This collection of essays offers an examination of the Sasanian empire based almost entirely on archaeological and scientific research, much presented here for the first time. The book is divided into three parts examining Sasanian sites, settlements and landscapes; their complex agricultural resour...
مؤلفون آخرون:
التنسيق: كتاب الكتروني
اللغة: English
منشور في:
Oxford :
Archaeopress Archaeology,
2022.
الموضوعات:
الوصول للمادة أونلاين: Login to view Source
الوسوم: إضافة وسم
رقم الطلب: DS286
| LEADER | 01915nam a2200409 i 4500 | ||
|---|---|---|---|
| 001 | EDZ0002954397 | ||
| 003 | StDuBDS | ||
| 005 | 20230412183457.0 | ||
| 006 | m|||||o||d|||||||| | ||
| 007 | cr ||||||||||| | ||
| 008 | 221121s2022 enkab fob 001|0|eng|d | ||
| 020 | |a 9781803274195 (PDF ebook) : |c No price | ||
| 040 | |a StDuBDS |b eng |c StDuBDS |e rda |e pn | ||
| 050 | 4 | |a DS286 | |
| 082 | 0 | 4 | |a 935.07 |2 23 |
| 245 | 0 | 0 | |a Sasanian archaeology : |b settlements, environment and material culture / |c edited by St John Simpson. |
| 264 | 1 | |a Oxford : |b Archaeopress Archaeology, |c 2022. | |
| 300 | |a 1 online resource : |b illustrations (black and white, and colour), maps (black and white, and colour) | ||
| 336 | |a text |2 rdacontent | ||
| 336 | |a still image |2 rdacontent | ||
| 336 | |a cartographic image |2 rdacontent | ||
| 337 | |a computer |2 rdamedia | ||
| 338 | |a online resource |2 rdacarrier | ||
| 500 | |a Also issued in print: 2022. | ||
| 504 | |a Includes bibliographical references and index. | ||
| 520 | 8 | |a This collection of essays offers an examination of the Sasanian empire based almost entirely on archaeological and scientific research, much presented here for the first time. The book is divided into three parts examining Sasanian sites, settlements and landscapes; their complex agricultural resources; and their crafts and industries. | |
| 521 | |a Specialized. | ||
| 588 | |a Description based on online resource; title from PDF title page (viewed on January 16, 2023). | ||
| 650 | 0 | |a Sassanids |x Material culture. | |
| 651 | 0 | |a Iran |x Antiquities. | |
| 651 | 0 | |a Iran |x History |y To 640. | |
| 700 | 1 | |a Simpson, St John, |e editor. | |
| 776 | 0 | 8 | |i Print version : |z 9781803274188 |
| 856 | 4 | 0 | |u http://library.arce.org:8087/Archaeopress/Products/9781803274188 |
| 942 | |2 lcc |c EBOOK | ||
| 952 | |0 0 |1 0 |4 0 |6 DS0286 |7 1 |9 47017 |a ARCH |b ARCH |d 2023-04-12 |l 0 |o DS286 |r 2023-04-12 00:00:00 |w 2023-04-12 |y EBOOK | ||
| 999 | |c 52675 |d 52675 | ||
